书目信息 |
| 题名: |
力求卓越
|
|
| 作者: | 江全 著 | |
| 分册: | ||
| 出版信息: | 太原 山西经济出版社 2021.04 |
|
| 页数: | 276页 | |
| 开本: | 24cm | |
| 丛书名: | ||
| 单 册: | ||
| 中图分类: | G65 | |
| 科图分类: | ||
| 主题词: | 教师教育--研究 | |
| 电子资源: | ||
| ISBN: | 978-7-5577-0737-8 | |
| 000 | 00728nam0 2200229 450 | |
| 001 | 012001000600 | |
| 005 | 20140131154929.0 | |
| 010 | @a978-7-5577-0737-8@dCNY90.00 | |
| 100 | @a20220905d2021 em y0chiy50 ea | |
| 101 | 0 | @achi |
| 102 | @aCN@b140000 | |
| 105 | @ay z 000yy | |
| 106 | @ar | |
| 200 | 1 | @a力求卓越@Ali qiu zhuo yue@e积极打造新时代一流的教师教育@f江全著 |
| 210 | @a太原@c山西经济出版社@d2021.04 | |
| 215 | @a276页@d24cm | |
| 330 | @a本书主要内容包括:基本认知:教师教育术语解析与发展概况;教育目的:促进教师专业化发展、政策支持:完善相关制度与政策等。 | |
| 606 | 0 | @a教师教育@x研究 |
| 690 | @aG65@v5 | |
| 701 | 0 | @a江全@Ajiang quan@4著 |
| 801 | 0 | @aCN@bAHXH@c20221111 |
| 905 | @b1364686-90@dG65@e128@f5 | |
| 力求卓越:积极打造新时代一流的教师教育/江全著.-太原:山西经济出版社,2021.04 |
| 276页;24cm |
| ISBN 978-7-5577-0737-8:CNY90.00 |
| 本书主要内容包括:基本认知:教师教育术语解析与发展概况;教育目的:促进教师专业化发展、政策支持:完善相关制度与政策等。 |
| ● |
| 相关链接 |
|
|
|
|
正题名:力求卓越
索取号:G65/128
 
预约/预借
| 序号 | 登录号 | 条形码 | 馆藏地/架位号 | 状态 | 备注 |
| 1 | 1364686 | 213646866 | 第一样本阅览室/ [索取号:G65/128] | 在馆 | |
| 2 | 1364687 | 213646875 | 教育系资料室/ [索取号:G65/128] | 在馆 | |
| 3 | 1364688 | 213646884 | 教育系资料室/ [索取号:G65/128] | 在馆 | |
| 4 | 1364689 | 213646893 | 第四借阅区/ [索取号:G65/128] | 在馆 | |
| 5 | 1364690 | 213646900 | 第四借阅区/ [索取号:G65/128] | 在馆 |